مكتبة جامعة عجلون الوطنية

فهرس بحث المكتبة

دور الخدمات الالكترونية في تعزيز النزاهة والشفافية في دائرة الجمارك الاردنية = The role of E-services in enhancing integrity and transparency in jordanian customs department / (Record no. 30506)

MARC details
000 -LEADER
fixed length control field 01347nam a2200253Ii 4500
003 - CONTROL NUMBER IDENTIFIER
control field JO-AjNU
005 - DATE AND TIME OF LATEST TRANSACTION
control field 20240625092259.0
008 - FIXED-LENGTH DATA ELEMENTS--GENERAL INFORMATION
fixed length control field 230605s9999||||xx |||||||||||||| ||und||
040 ## - CATALOGING SOURCE
Original cataloging agency JO-AjNU
Language of cataloging ara
Description conventions rda
Transcribing agency JO-AjNU
041 ## - LANGUAGE CODE
Language code of text/sound track or separate title ara
050 14 - LIBRARY OF CONGRESS CALL NUMBER
Classification number HD30.213.2020
100 #1 - MAIN ENTRY--PERSONAL NAME
Personal name العجلوني، ناصر ابراهيم
9 (RLIN) 65569
245 00 - TITLE STATEMENT
Title دور الخدمات الالكترونية في تعزيز النزاهة والشفافية في دائرة الجمارك الاردنية = The role of E-services in enhancing integrity and transparency in jordanian customs department /
Statement of responsibility, etc. اعداد ناصر ابراهيم العجلوني ؛ اشراف محمود علي الروسان، خالد محمد الذيابات
260 ## - PUBLICATION, DISTRIBUTION, ETC.
Date of publication, distribution, etc. 2020
300 ## - PHYSICAL DESCRIPTION
Extent 115 ورقة
336 ## - CONTENT TYPE
Content type term text
Content type code txt
Source rdacontent
337 ## - MEDIA TYPE
Media type term unmediated
Media type code n
Source rdamedia
338 ## - CARRIER TYPE
Carrier type term volume
Carrier type code nc
Source rdacarrier
500 ## - GENERAL NOTE
General note رسالة جامعية(اطروحة ماجستير) جامعة عجلون الوطنية، كلية ادارة الاعمال، تخصص ادارة الاعمال، 2020
650 7# - SUBJECT ADDED ENTRY--TOPICAL TERM
Topical term or geographic name entry element الجمارك الاردنية - الخدمات الالترونية- النزاهه
9 (RLIN) 59820
700 #1 - ADDED ENTRY--PERSONAL NAME
Personal name الروسان، محمود علي
Relator term مشرف
9 (RLIN) 65363
700 #1 - ADDED ENTRY--PERSONAL NAME
Personal name ذيابات، خالد محمد
Relator term مشرف مشارك
9 (RLIN) 65571
942 ## - ADDED ENTRY ELEMENTS (KOHA)
Source of classification or shelving scheme Library of Congress Classification
Koha item type Thesis
Holdings
Withdrawn status Lost status Source of classification or shelving scheme Damaged status Not for loan Home library Current library Shelving location Date acquired Total Checkouts Full call number Barcode Date last seen Price effective from Koha item type
    Library of Congress Classification     مكتبة جامعة عجلون الوطنية مكتبة جامعة عجلون الوطنية المراجع 25/06/2024   HD30.213.2020 A26938 06/06/2023 25/06/2024 Thesis
    Library of Congress Classification     مكتبة جامعة عجلون الوطنية مكتبة جامعة عجلون الوطنية المراجع 25/06/2024   HD30.213.2020 a26937 25/06/2024 25/06/2024 Thesis